000 00698nam a2200205 a 4500
999 _c16783
_d16783
005 20190515150436.0
008 060818s2006 ii a | 001 0beng
010 _aB-269120-145, B--284388
020 _a9788189020996
_c200.00
035 _aB-269120-145 , B-284388,B-269144
040 _adpl
_bEnglish
082 _aS
100 _aMauzo, Damodar
245 _aThese are my children /
_cby Damodar Mauzo;translated form the Konkani by Xavier Cota
260 _aNew Delhi
_bKatha
_c2007
300 _a150p.
_c21cm (pbk)
700 _aCota, Xavier
942 _2ddc
_cEN
_mMAU
_hS